| 000 | 00647nam a2200217Ia 4500 | ||
|---|---|---|---|
| 005 | 20241129110130.0 | ||
| 008 | 241129s9999||||xx |||||||||||||| ||und|| | ||
| 020 | _a978-977-350-128-0 | ||
| 037 | _aTB | ||
| 040 |
_aARTS _beng _cARTS |
||
| 041 |
_aeng _2eng |
||
| 084 |
_aT:3:(A) 28Q8 _qARTS |
||
| 100 |
_aAudah Sana Maleji al-Sayed Au. _9727325 |
||
| 245 | 0 |
_aMadkhil ali tadrees al-uloom _cAudah Sana Maleji al-Sayed Au. |
|
| 260 |
_aCairo, Egypt _bDarul kitab al-hadees _c2017 |
||
| 300 | _a420p. | ||
| 365 |
_aINR _b1274 |
||
| 650 |
_aEducationTeachingScience _9727326 |
||
| 942 |
_cTB _hT:3:(A) 28Q8 |
||
| 999 |
_c1227427 _d1227427 |
||